| 000 | 00652nam a2200193Ii 4500 | ||
|---|---|---|---|
| 003 | JO-AjNU | ||
| 008 | 230605s9999||||xx |||||||||||||| ||und|| | ||
| 040 |
_aJO-AjNU _bara _erda _cJO-AjNU |
||
| 041 | _aara | ||
| 050 | 1 | 4 | _aBF431.B3732 1991 |
| 100 | 3 |
_aبصبوص،جوزيف/اعداد, _eauthor _918724 |
|
| 245 | 0 | 0 | _aإختبر ذكاءك، ج3 |
| 264 | 3 | 1 | _aطرابلس-لبنان:جروس برس،د.ت |
| 300 |
_aج3، 158ص _bالجزء الثالث/مستوى عالي |
||
| 336 |
_atext _btxt _2rdacontent |
||
| 337 |
_aunmediated _bn _2rdamedia |
||
| 338 |
_avolume _bnc _2rdacarrier |
||
| 650 | 4 |
_aاختبار الذكاء-الغاز _918725 |
|
| 999 |
_aA6043 _c9611 _d9611 |
||